header

Health and the environment in the southeastern United States (Record no. 162122)

MARC details
000 -LEADER
fixed length control field 01650nam a2200325Ia 4500
245 00 - TITLE STATEMENT
Title Health and the environment in the southeastern United States
260 ## - PUBLICATION, DISTRIBUTION, ETC. (IMPRINT)
Place of publication Washington, D.C. :
Name of publisher National Academy Press,
Year of publication c2002.
300 ## - PHYSICAL DESCRIPTION
Number of Pages xviii, 66 p. :
Other physical details ill.
500 ## - GENERAL NOTE
General note "Regional workshop, Rebuilding the Unity of Health and the Environment in the Southeastern United States, was held in Atlanta, Georgia, on June 27, 2001"--Pref.
650 #0 - SUBJECT ADDED ENTRY--TOPICAL TERM
Topical Term Environmental health
Topical Term Environmentally induced diseases
700 1# - ADDED ENTRY--PERSONAL NAME
Personal name Frumkin, Howard.
Personal name Jackson, Richard,
Personal name Coussens, Christine.
856 40 - ELECTRONIC LOCATION AND ACCESS
Uniform Resource Identifier http://site.ebrary.com/lib/rucke/Doc?id=10038677

No items available.

© 2026 Rongo University
Contact us: librarian | system librarian | Rongo university